000 00559nam a2200181Ia 4500
999 _c4194
_d4194
003 OSt
005 20200130114618.0
008 190216s9999||||xx |||||||||||||| ||und||
020 _a0712102299
040 _coclc
082 _a519.502465
_bTHI/W
100 _aThirkettle, G L
_91167
245 0 _aWheldon`s Business Statistics And Statistical Method /
_cG L Thirkettle
250 _a7th ed.
260 _bThe English Language Book Society,
_c1972.
_aLondon:
300 _a242p
942 _cBK
_2ddc
_h519.502465
_iTHI/W
_k519.502465
_mTHI/W